La princesa roja (Record no. 188633)

MARC details
000 -LEADER
campo de control de longitud fija 00799nam a2200229 i 4500
001 - NÚMERO DE CONTROL
campo de control 188633
003 - IDENTIFICADOR DE NÚMERO DE CONTROL
campo de control ES-MaACL
005 - FECHA Y HORA DE LA ÚLTIMA TRANSACCIÓN
campo de control 20231223102907.0
008 - DATOS DE LONGITUD FIJA--INFORMACIÓN GENERAL
campo de control de longitud fija 190115s2008 sp abo |||| |bspa d
020 ## - NÚMERO INTERNACIONAL ESTÁNDAR DEL LIBRO
Número Internacional Estándar del Libro 978-84-204-7364-2
080 ## - NÚMERO DE LA CLASIFICACIÓN DECIMAL UNIVERSAL
Número de la Clasificación Decimal Universal 929 Dolgorouky, Sofka
080 ## - NÚMERO DE LA CLASIFICACIÓN DECIMAL UNIVERSAL
Número de la Clasificación Decimal Universal 94(470)"1917/21"
100 1# - ENTRADA PRINCIPAL--NOMBRE DE PERSONA
Nombre de persona Zinovieff, Sofka.
9 (RLIN) 165974
245 13 - MENCIÓN DEL TÍTULO
Título La princesa roja
Resto del título : [una vida revolucionaria] /
Mención de responsabilidad, etc. Sofka Zinovieff ; traducción de Guillermo Díaz Ceballos.
260 ## - PUBLICACIÓN, DISTRIBUCIÓN, ETC.
Lugar de publicación, distribución, etc. Madrid :
Nombre del editor, distribuidor, etc. Alfaguara,
Fecha de publicación, distribución, etc. [2008]
300 ## - DESCRIPCIÓN FÍSICA
Extensión 380 p. :
Otras características físicas il., fot., 1 mapa ;
Dimensiones 24 cm.
600 17 - PUNTO DE ACCESO ADICIONAL DE MATERIA--NOMBRE DE PERSONA
Nombre de persona Dolgorouky, Sofka.
9 (RLIN) 165975
651 #7 - PUNTO DE ACCESO ADICIONAL DE MATERIA--NOMBRE GEOGRÁFICO
Nombre geográfico Rusia-
Subdivisión general Historia-
Subdivisión cronológica 1917-1921, Revolución.
9 (RLIN) 9336
852 ## - LOCALIZACIÓN
Ubicación ES-MaACL
Número de control de estantería A-14302
itemnumber 195764
Sublocalización o colección R.151580
Ubicación en estantería Depósito 1
Signatura antigua Olim: N-7302
942 ## - ELEMENTOS DE ENTRADA SECUNDARIOS (KOHA)
Fuente del sistema de clasificación o colocación Clasificación decimal universal
Tipo de ítem Koha Libro impreso
Holdings
Estatus retirado Estado de pérdida Fuente del sistema de clasificación o colocación Estado de daño No para préstamo Biblioteca de origen Biblioteca actual Ubicación en estantería Fecha de adquisición Fuente de adquisición Total de préstamos Signatura topográfica completa Código de barras Visto por última vez Precio de reemplazo Tipo de ítem Koha
    Clasificación decimal universal     Biblioteca del Ateneo de Madrid Biblioteca del Ateneo de Madrid Depósito 1 15/01/2019 Donación   A-14302 1199628 23/02/2023 23/02/2023 Libro impreso